| 000 | 006840000a22002170004500 | ||
|---|---|---|---|
| 001 | 20705 | ||
| 010 | _a972-8912-02-1 | ||
| 090 | _a20705 | ||
| 100 | _a20070123d2004 a y0pory5003 ba | ||
| 101 | 0 | _apor | |
| 102 | _aPT | ||
| 200 | 1 |
_aO pescador de estrelas _fMathilde Ferreira Neves _gil. Filipe Goulão |
|
| 210 |
_aPorto Salvo _cA Família Galaró _d2004 |
||
| 215 |
_a25, [7] p. _cil. _e1 CD-Rom |
||
| 225 | 2 |
_aGalaró _v2 |
|
| 675 |
_a087.5 _vBN _zpor |
||
| 675 |
_a821.134.3-93"20" _vBN _zpor |
||
| 700 | 1 |
_aNeves _bMatilde Ferreira _f1978- |
|
| 702 | 1 |
_922790 _4440 _aGoulão _bFilipe _f1979 |
|
| 942 |
_cMON _n0 |
||
| 999 |
_a20705 _bBibliobase - BMTAV _c2019-01-21 |
||